Loreto College Library, Kolkata
WEBOPAC (ONLINE PUBLIC ACCESS CATALOGUE)

Third Frame (Record no. 38944)

MARC details
000 -LEADER
fixed length control field 00253nas a2200109Ia 4500
008 - FIXED-LENGTH DATA ELEMENTS--GENERAL INFORMATION
fixed length control field 140107s9999 xx 000 0 und d
040 ## - CATALOGING SOURCE
Original cataloging agency Loreto College
041 ## - LANGUAGE CODE
Language code English
245 ## - TITLE STATEMENT | অাখ্যা বিবরণী
Title | অাখ্যা Third Frame
260 ## - IMPRINT | প্রকাশনা ক্ষেত্র
Name of publisher | প্রকাশকের নাম Cambridge University Press
942 ## - ADDED ENTRY ELEMENTS (KOHA)
Koha item type Bound Volume
Holdings
Withdrawn status Lost status Damaged status Not for loan Home library Current library Date acquired Serial Enumeration / chronology Volume, issue and year Total Checkouts Full call number Accession No. Date last seen Price effective from Koha item type
        Loreto College Loreto College 13/01/2014 2 (1-2); 1 January 2009 - 30 June 2009 2 (1-2); 2009   TF BV823 13/01/2014 13/01/2014 Bound Volume
        Loreto College Loreto College 13/01/2014 2 (3-4); 1 July 2009 - 31 December 2009 2 (3-4); 2009   TF BV824 13/01/2014 13/01/2014 Bound Volume